Central Library OPAC University of Rajshahi

The book of Indian animals / (Record no. 68819)

MARC details
000 -LEADER
fixed length control field 00745nam a2200229 a 4500
001 - CONTROL NUMBER
control field 68819
003 - CONTROL NUMBER IDENTIFIER
rucl marc code BD-RjUL
005 - DATE AND TIME OF LATEST TRANSACTION
control field 20211209081819.0
008 - FIXED-LENGTH DATA ELEMENTS--GENERAL INFORMATION
fixed length control field 170406s1971 ii a 001 0 eng d
035 ## - SYSTEM CONTROL NUMBER
System control number (BD-RjUL)69030
040 ## - CATALOGING SOURCE
Original cataloging agency BD-RjUL
Language of cataloging eng
Transcribing agency BD-RjUL
041 ## - LANGUAGE CODE
Language code of text/sound track or separate title eng
082 ## - DEWEY DECIMAL CLASSIFICATION NUMBER
Classification number 591.954
Edition number 23
Author mark and year PRB 1971
100 1# - MAIN ENTRY--PERSONAL NAME
Personal name Prater, S. H.
9 (RLIN) 203942
245 14 - TITLE STATEMENT
Title The book of Indian animals /
Statement of responsibility, etc. S.H. Prater ; with 28 coloured plates by Paul Barruel and many other illustrations
250 ## - EDITION STATEMENT
Edition statement 3rd rev. ed.
260 ## - PUBLICATION, DISTRIBUTION, ETC. (IMPRINT)
Place of publication, distribution, etc. Bombay :
Name of publisher, distributor, etc. Bombay Natural History Society,
Date of publication, distribution, etc. c1971
300 ## - PHYSICAL DESCRIPTION
Pagination xxii, 324 p. :
Size 23 cm
Illustrations ill. ;
650 #0 - SUBJECT ADDED ENTRY--TOPICAL TERM
Topical term or geographic name as entry element Animals
Geographic subdivision India
General subdivision Identification
9 (RLIN) 203943
710 2# - ADDED ENTRY--CORPORATE NAME
Corporate name or jurisdiction name as entry element Bombay Natural History Society.
9 (RLIN) 203944
942 ## - ADDED ENTRY ELEMENTS (KOHA)
Source of classification or shelving scheme Dewey Decimal Classification
Koha item type Books
Holdings
Lost status Source of classification or shelving scheme Damaged status Not for loan Collection code Permanent Location Current Location Shelving location Date acquired Source of acquisition Total Checkouts Full call number Date last seen Copy number Koha item type
  Dewey Decimal Classification   Not For Loan Non-fiction Central Library, University of Rajshahi Central Library, University of Rajshahi Reading Room 22/06/1974 India Govt.   591.954 PRB 1971 06/04/2017 C-1 Books